[Event "Ljubljana-chT 75th"]
[Site "Ljubljana"]
[Date "2023.03.02"]
[Round "6.3"]
[White "Simicak, Metod"]
[Black "Bajraktarevic, Bajro"]
[Result "0-1"]
[WhiteElo "1704"]
[BlackElo "1634"]
[PlyCount "120"]
[EventDate "2023.01.12"]
[EventType "team-swiss"]
[EventRounds "9"]
[EventCountry "SLO"]
[SourceTitle "EXT 2024"]
[Source "ChessBase"]
[SourceDate "2023.10.10"]
[SourceVersion "1"]
[SourceVersionDate "2023.10.10"]
[SourceQuality "1"]
[WhiteTeam "Menges Trzin"]
[BlackTeam "Zagorje ob Savi"]
[WhiteTeamCountry "SLO"]
[BlackTeamCountry "SLO"]

1. e4 c5 2. Nc3 Nc6 3. Bb5 g6 4. Bxc6 dxc6 5. Qf3 Bg7 6. Nge2 Nf6 7. h3 0-0 8. d3 e5 9. Be3 Qd6 10. g4 Be6 11. Qg3 b5 12. f4 exf4 13. Bxf4 Qd7 14. Bd6 Rfe8 15. Bxc5 a5 16. Nf4 b4 17. Na4 Nxe4 18. dxe4 Bc4 19. Rd1 Rxe4+ 20. Kf2 Qc7 21. Bd6 Qa7+ 22. Kg2 g5 23. Nd3 Re3 24. Qf2 Bd5+ 25. Kh2 Bd4 26. Rhf1 Rae8 27. Qf5 Re2+ 28. Nf2 h6 29. Rxd4 Qxd4 30. Bc5 Qf4+ 31. Qxf4 gxf4 32. c3 Bc4 33. cxb4 Bb5 34. Nc3 Rxb2 35. Nxb5 cxb5 36. a3 a4 37. Rd1 Rb3 38. Rd6 Rxa3 39. Rxh6 Re6 40. Rh5 Rf3 41. Bd4 f6 42. Rxb5 Ra6 43. Ra5 Rxa5 44. bxa5 a3 45. Ne4 a2 46. Nxf6+ Kf7 47. Ne4 Rf1 48. Ng5+ Ke7 49. Kg2 a1Q 50. Bxa1 Rxa1 51. h4 Kf6 52. Ne4+ Ke5 53. Nd2 Ra3 54. Kf2 Ra2 55. Ke1 Kd4 56. h5 Ke3 57. Nc4+ Kd4 58. Nd2 Kc3 59. Nf3 Rxa5 60. h6 Kd3 0-1

[Event "Ljubljana-chT 75th"]
[Site "Ljubljana"]
[Date "2023.02.23"]
[Round "5.3"]
[White "Sotirov, Slavko"]
[Black "Simicak, Metod"]
[Result "0-1"]
[WhiteElo "1709"]
[BlackElo "1704"]
[PlyCount "50"]
[EventDate "2023.01.12"]
[EventType "team-swiss"]
[EventRounds "9"]
[EventCountry "SLO"]
[SourceTitle "EXT 2024"]
[Source "ChessBase"]
[SourceDate "2023.10.10"]
[SourceVersion "1"]
[SourceVersionDate "2023.10.10"]
[SourceQuality "1"]
[WhiteTeam "Visnja Gora Sticna"]
[BlackTeam "Menges Trzin"]
[WhiteTeamCountry "SLO"]
[BlackTeamCountry "SLO"]

1. e4 e5 2. Nf3 Nf6 3. Nc3 Bb4 4. d3 Bxc3+ 5. bxc3 d5 6. Nxe5 Qe7 7. d4 Nxe4 8. Be3 Nxc3 9. Bd3 Nxd1 10. Rxd1 0-0 11. 0-0 Nc6 12. Nxc6 bxc6 13. Rfe1 Qa3 14. Bf4 Ba6 15. Bxa6 Qxa6 16. Re7 Rfe8 17. Rxc7 Qe2 18. Rf1 Qxc2 19. Be3 Qxa2 20. Rxc6 a5 21. h3 Reb8 22. Rcc1 h6 23. Kh2 Re8 24. Ra1 Qc4 25. Rfc1 Qa6 0-1

[Event "Ljubljana-chT 75th"]
[Site "Ljubljana"]
[Date "2023.01.26"]
[Round "3.2"]
[White "Simicak, Metod"]
[Black "Novakovic, Novica"]
[Result "1-0"]
[WhiteElo "1704"]
[BlackElo "1663"]
[PlyCount "91"]
[EventDate "2023.01.12"]
[EventType "team-swiss"]
[EventRounds "9"]
[EventCountry "SLO"]
[SourceTitle "EXT 2024"]
[Source "ChessBase"]
[SourceDate "2023.10.10"]
[SourceVersion "1"]
[SourceVersionDate "2023.10.10"]
[SourceQuality "1"]
[WhiteTeam "Menges Trzin"]
[BlackTeam "Ljubljana Karel Jeraj"]
[WhiteTeamCountry "SLO"]
[BlackTeamCountry "SLO"]

1. e4 c6 2. d4 d5 3. Nc3 dxe4 4. Nxe4 Bf5 5. Ng3 Bg6 6. Be3 Nf6 7. Bd3 Bxd3 8. Qxd3 e6 9. 0-0-0 Qd5 10. c4 Qxg2 11. N1e2 Qf3 12. d5 exd5 13. Nd4 Qg4 14. Rhe1 Bb4 15. Bd2+ Be7 16. Ngf5 0-0 17. Nxe7+ Kh8 18. cxd5 cxd5 19. f3 Qh5 20. Bf4 Nbd7 21. Qf5 Nb6 22. Be5 Qxf5 23. Ndxf5 Nh5 24. b3 f6 25. Bd4 g6 26. Ne3 Nf4 27. Kb2 Kg7 28. Bxb6 axb6 29. N7xd5 Nxd5 30. Nxd5 Rf7 31. Nxb6 Ra5 32. Rd5 Ra6 33. Rb5 Rc7 34. Nd5 Rd7 35. Re7+ Rxe7 36. Nxe7 Kf7 37. Rxb7 Ke6 38. Nc8 Kf5 39. Rxh7 Kf4 40. Ne7 g5 41. Nd5+ Kxf3 42. Rh6 Rd6 43. Rxf6+ Rxf6 44. Nxf6 Kg2 45. a4 Kxh2 46. a5 1-0

[Event "SLO-chT3 West"]
[Site "Komenda"]
[Date "2022.12.11"]
[Round "4.3"]
[White "Simicak, Metod"]
[Black "Trivuncevic, Bosko"]
[Result "1-0"]
[WhiteElo "1681"]
[BlackElo "1931"]
[PlyCount "120"]
[EventDate "2022.12.09"]
[EventType "team-swiss"]
[EventRounds "5"]
[EventCountry "SLO"]
[SourceTitle "EXT 2024"]
[Source "ChessBase"]
[SourceDate "2023.10.10"]
[SourceVersion "1"]
[SourceVersionDate "2023.10.10"]
[SourceQuality "1"]
[WhiteTeam "Menges Trzin"]
[BlackTeam "Loska Dolina"]
[WhiteTeamCountry "SLO"]
[BlackTeamCountry "SLO"]

1. e4 d6 2. d4 a6 3. h3 Nc6 4. Bc4 e5 5. Nf3 Nf6 6. dxe5 Nxe4 7. Bd5 Nc5 8. Bxc6+ bxc6 9. 0-0 Be7 10. Be3 d5 11. c3 0-0 12. b4 Ne4 13. Nfd2 f5 14. exf6 Nxf6 15. a3 Bf5 16. c4 Bd3 17. Re1 dxc4 18. Qc1 Qd5 19. Nc3 Qf5 20. Ne2 Bxe2 21. Rxe2 Qd3 22. Qxc4+ Qxc4 23. Nxc4 Bd6 24. Rd1 Nd5 25. Rc1 Rae8 26. Nxd6 cxd6 27. Rxc6 Re6 28. Rxa6 Rfe8 29. Rd2 Nxe3 30. fxe3 Rxe3 31. a4 Re1+ 32. Kh2 Rb1 33. b5 Ree1 34. Raxd6 Rh1+ 35. Kg3 Rb3+ 36. R2d3 Rxd3+ 37. Rxd3 Rb1 38. Rd7 Rb4 39. Ra7 g5 40. Ra6 Kf8 41. b6 Ke8 42. a5 Kd8 43. Ra7 h5 44. Rg7 h4+ 45. Kf3 Kc8 46. Rxg5 Kb7 47. Rg7+ Kb8 48. Rg4 Rb5 49. Rxh4 Rxa5 50. Rb4 Rg5 51. g4 Kb7 52. Kf4 Rg8 53. g5 Kc6 54. b7 Rb8 55. h4 Kd6 56. g6 Ke7 57. Kg5 Kf8 58. Rb6 Kg7 59. h5 Kg8 60. h6 Kh8 1-0

[Event "SLO-chT Central 23rd"]
[Site "Slovenia"]
[Date "2022.10.20"]
[Round "5.4"]
[White "Zunic, Bostjan"]
[Black "Simicak, Metod"]
[Result "0-1"]
[WhiteElo "1487"]
[BlackElo "1706"]
[PlyCount "90"]
[EventDate "2022.09.15"]
[EventType "team-swiss"]
[EventRounds "9"]
[EventCountry "SLO"]
[SourceTitle "EXT 2024"]
[Source "ChessBase"]
[SourceDate "2023.10.10"]
[SourceVersion "1"]
[SourceVersionDate "2023.10.10"]
[SourceQuality "1"]
[WhiteTeam "Visnja Gora Sticna"]
[BlackTeam "Menges Trzin"]
[WhiteTeamCountry "SLO"]
[BlackTeamCountry "SLO"]

1. e4 e5 2. Nf3 Nf6 3. Nc3 Bb4 4. Bd3 0-0 5. 0-0 Re8 6. a3 Bxc3 7. dxc3 d5 8. Bg5 Qd6 9. Bxf6 Qxf6 10. Nd2 Be6 11. Qf3 Nd7 12. exd5 Qxf3 13. Nxf3 Bxd5 14. Ng5 h6 15. Ne4 f5 16. Ng3 g6 17. b4 Rad8 18. c4 Bf7 19. h3 e4 20. Be2 Ne5 21. c5 Rd2 22. Bb5 c6 23. Ba4 Bc4 24. Rfd1 Red8 25. Rxd2 Rxd2 26. Nf1 Bxf1 27. Kxf1 Kg7 28. Ke1 e3 29. fxe3 Rxg2 30. Kf1 Rh2 31. Ra2 Rxh3 32. Kf2 Ng4+ 33. Ke2 Rxe3+ 34. Kd2 f4 35. c4 Ne5 36. b5 Nxc4+ 37. Kd1 Rxa3 38. Rxa3 Nxa3 39. bxc6 bxc6 40. Bxc6 Kf6 41. Bd7 Ke7 42. c6 Kd6 43. Ke2 Nc4 44. Kf3 Ne5+ 45. Kxf4 Nxd7 0-1

[Event "SLO-chT Central 23rd"]
[Site "Slovenia"]
[Date "2022.10.13"]
[Round "4.3"]
[White "Simicak, Metod"]
[Black "Smirnov, Maksim"]
[Result "0-1"]
[WhiteElo "1706"]
[BlackElo "1293"]
[PlyCount "46"]
[EventDate "2022.09.15"]
[EventType "team-swiss"]
[EventRounds "9"]
[EventCountry "SLO"]
[SourceTitle "EXT 2024"]
[Source "ChessBase"]
[SourceDate "2023.10.10"]
[SourceVersion "1"]
[SourceVersionDate "2023.10.10"]
[SourceQuality "1"]
[WhiteTeam "Menges Trzin"]
[BlackTeam "Kranj Tomo Zupan"]
[WhiteTeamCountry "SLO"]
[BlackTeamCountry "SLO"]

1. e4 c6 2. Nc3 d5 3. d4 dxe4 4. Nxe4 Nf6 5. Nxf6+ exf6 6. Bc4 Bf5 7. Ne2 Bd6 8. Bd3 Bxd3 9. Qxd3 Nd7 10. Bd2 a5 11. c4 0-0 12. c5 Bc7 13. Qf3 Re8 14. 0-0-0 b6 15. Be3 bxc5 16. dxc5 Qe7 17. Qxc6 Ne5 18. Qa4 Reb8 19. Rd2 Rb4 20. Qd1 Qe6 21. Nf4 Qxa2 22. Rc2 Qa1+ 23. Kd2 Rd8+ 0-1

[Event "SLO-chT Central 23rd"]
[Site "Slovenia"]
[Date "2022.09.15"]
[Round "1.2"]
[White "Saradjen, Darja"]
[Black "Simicak, Metod"]
[Result "1-0"]
[WhiteElo "1739"]
[BlackElo "1706"]
[PlyCount "87"]
[EventDate "2022.09.15"]
[EventType "team-swiss"]
[EventRounds "9"]
[EventCountry "SLO"]
[SourceTitle "EXT 2024"]
[Source "ChessBase"]
[SourceDate "2023.10.10"]
[SourceVersion "1"]
[SourceVersionDate "2023.10.10"]
[SourceQuality "1"]
[WhiteTeam "Menges Trzin II"]
[BlackTeam "Menges Trzin"]
[WhiteTeamCountry "SLO"]
[BlackTeamCountry "SLO"]

1. e4 e5 2. Nf3 Nc6 3. d3 d5 4. exd5 Qxd5 5. Be2 Nf6 6. 0-0 Bb4 7. a3 Ba5 8. c4 Qd6 9. b4 Bb6 10. c5 Bxc5 11. bxc5 Qxc5 12. Bb2 0-0 13. Nc3 Rd8 14. Rc1 Qa5 15. Qc2 Bg4 16. Ne4 Nd7 17. Qb3 Qb6 18. Qc2 h6 19. Rfe1 Re8 20. h3 Be6 21. Bd1 Rac8 22. Bc3 f6 23. Rb1 Qa6 24. Bb4 Ne7 25. Be2 Qc6 26. Qb2 b6 27. Rec1 Qb7 28. Bxe7 Rxe7 29. Qc3 Bd5 30. Nd6 cxd6 31. Qxc8+ Qxc8 32. Rxc8+ Kf7 33. Rc7 a6 34. Nd2 f5 35. Nc4 Bxc4 36. dxc4 Ke6 37. g4 g6 38. gxf5+ gxf5 39. Rd1 Rg7+ 40. Kf1 Rg6 41. Rd3 Rf6 42. Bh5 Nc5 43. Rg3 d5 44. Rc6+ 1-0

[Event "Ljubljana-chT 74th"]
[Site "Ljubljana"]
[Date "2022.03.17"]
[Round "9.2"]
[White "Simicak, Metod"]
[Black "Stimec, Marjan"]
[Result "1-0"]
[WhiteElo "1694"]
[BlackElo "1766"]
[PlyCount "133"]
[EventDate "2022.01.13"]
[EventType "team-swiss"]
[EventRounds "9"]
[EventCountry "SLO"]
[SourceTitle "EXT 2024"]
[Source "ChessBase"]
[SourceDate "2023.10.10"]
[SourceVersion "1"]
[SourceVersionDate "2023.10.10"]
[SourceQuality "1"]
[WhiteTeam "Menges Trzin"]
[BlackTeam "Ljubljana Karel Jeraj"]
[WhiteTeamCountry "SLO"]
[BlackTeamCountry "SLO"]

1. e4 g6 2. Nf3 Bg7 3. d4 d6 4. Nc3 Nd7 5. Be3 b6 6. h4 h5 7. Qd2 Ngf6 8. 0-0-0 Ng4 9. Nh2 Ndf6 10. Bg5 Bb7 11. Nf3 0-0 12. Bd3 c5 13. d5 Nd7 14. Ne1 Nde5 15. f3 Nxd3+ 16. Nxd3 Ne5 17. Nxe5 Bxe5 18. g4 hxg4 19. fxg4 Bc8 20. Rdg1 f6 21. Bh6 Rf7 22. Ne2 Rh7 23. Bf4 Qe8 24. Bxe5 dxe5 25. g5 f5 26. Qc3 Qd7 27. Qxe5 Qd6 28. Qxd6 exd6 29. Nf4 Rg7 30. exf5 Bxf5 31. Re1 Kf7 32. Ne6 Rh7 33. Ref1 Rah8 34. Rf4 Ke7 35. Nc7 Kd7 36. Nb5 a6 37. Nc3 Rh5 38. b4 Rxg5 39. bxc5 dxc5 40. Na4 Rg2 41. Rc4 Rb8 42. h5 gxh5 43. Rxh5 Bg6 44. Re5 Kd6 45. Re3 Kxd5 46. Rec3 Kd6 47. Rf4 Ke5 48. Rff3 Rg1+ 49. Kb2 Rg4 50. Rce3+ Re4 51. Rg3 Bf5 52. Rxe4+ Kxe4 53. Rb3 Be6 54. Nxc5+ Kd5 55. Nxa6 Rb7 56. a3 Ke5 57. Nc5 bxc5 58. Rxb7 Bd5 59. Rb6 Kd4 60. a4 c4 61. c3+ Kc5 62. Rb8 Kc6 63. a5 Kc7 64. Rb6 Bf3 65. Ka3 Bg2 66. Kb4 Bf3 67. Kc5 1-0

[Event "Ljubljana-chT 74th"]
[Site "Ljubljana"]
[Date "2022.01.20"]
[Round "2.3"]
[White "Kampus, Vid"]
[Black "Simicak, Metod"]
[Result "0-1"]
[WhiteElo "1388"]
[BlackElo "1694"]
[PlyCount "82"]
[EventDate "2022.01.13"]
[EventType "team-swiss"]
[EventRounds "9"]
[EventCountry "SLO"]
[SourceTitle "EXT 2024"]
[Source "ChessBase"]
[SourceDate "2023.10.10"]
[SourceVersion "1"]
[SourceVersionDate "2023.10.10"]
[SourceQuality "1"]
[WhiteTeam "Dol"]
[BlackTeam "Menges Trzin"]
[WhiteTeamCountry "SLO"]
[BlackTeamCountry "SLO"]

1. e4 e5 2. Nf3 Nf6 3. Nxe5 Qe7 4. Nf3 Qxe4+ 5. Be2 Bb4 6. 0-0 0-0 7. d3 Qc6 8. c3 Be7 9. Bf4 d6 10. h3 Qd7 11. d4 h6 12. Nbd2 b6 13. Nc4 Ba6 14. Nfd2 Nc6 15. Bf3 d5 16. Na3 Bxf1 17. Qxf1 Bxa3 18. bxa3 Rfe8 19. c4 Nxd4 20. Qd1 Nxf3+ 21. Qxf3 c6 22. Qg3 Nh5 23. Qf3 Qf5 24. g3 Nxf4 25. gxf4 Re6 26. cxd5 Qxd5 27. Qc3 Rg6+ 28. Kf1 Qh1+ 29. Ke2 Re8+ 30. Kd3 Qxh3+ 31. Kc2 Qxc3+ 32. Kxc3 Rf6 33. f5 Rxf5 34. Rf1 Re2 35. f3 Rd5 36. Nc4 Rxa2 37. Nb2 Rxa3+ 38. Kb4 Rad3 39. Nc4 R5d4 40. f4 a5+ 41. Ka4 Rxc4# 0-1

[Event "SLO-chT Central 22nd"]
[Site "Slovenia"]
[Date "2021.10.28"]
[Round "7.4"]
[White "Konvalinka, Kostja"]
[Black "Simicak, Metod"]
[Result "0-1"]
[WhiteElo "1707"]
[BlackElo "1677"]
[PlyCount "134"]
[EventDate "2021.09.16"]
[EventType "team-tourn"]
[EventRounds "7"]
[EventCountry "SLO"]
[SourceTitle "EXT 2024"]
[Source "ChessBase"]
[SourceDate "2023.10.10"]
[SourceVersion "1"]
[SourceVersionDate "2023.10.10"]
[SourceQuality "1"]
[WhiteTeam "Trzin Buscotrade"]
[BlackTeam "Menges Trzin"]
[WhiteTeamCountry "SLO"]
[BlackTeamCountry "SLO"]

1. e4 e5 2. Nf3 Nf6 3. Nc3 Bb4 4. d3 Bxc3+ 5. bxc3 d5 6. exd5 Qxd5 7. Ba3 c5 8. Be2 0-0 9. 0-0 Bg4 10. h3 Bh5 11. Re1 Nc6 12. Ng5 Bxe2 13. Qxe2 h6 14. Ne4 Nxe4 15. Qxe4 Qxe4 16. Rxe4 b6 17. Rae1 Rfd8 18. g4 g6 19. Kh2 Kg7 20. h4 f5 21. gxf5 gxf5 22. Rg1+ Kf6 23. Ree1 f4 24. h5 Rg8 25. Kh3 Rg5 26. Kh4 Rag8 27. Rxg5 Rxg5 28. d4 cxd4 29. cxd4 Nxd4 30. Rd1 Nf5+ 31. Kh3 Rxh5+ 32. Kg4 Rg5+ 33. Kf3 Nd4+ 34. Ke4 Ke6 35. Bf8 h5 36. c3 Nb5 37. Bb4 a5 38. c4 axb4 39. cxb5 h4 40. Rc1 Kf7 41. Rh1 Rh5 42. Rh3 Kf6 43. f3 Rh7 44. Kd5 Kf5 45. Kc4 e4 46. fxe4+ Kxe4 47. Kxb4 f3 48. a4 f2 49. Rh1 Kf3 50. a5 bxa5+ 51. Kxa5 Kg2 52. Rc1 f1Q 53. Rxf1 Kxf1 54. b6 h3 55. Ka6 h2 56. b7 Rxb7 57. Kxb7 h1Q+ 58. Kb6 Qd5 59. Kc7 Qe6 60. Kb7 Ke2 61. Kc7 Kd3 62. Kb7 Qd6 63. Ka7 Qb4 64. Ka6 Kd4 65. Ka7 Kc5 66. Ka8 Kc6 67. Ka7 Qb7# 0-1

[Event "SLO-chT Central 22nd"]
[Site "Slovenia"]
[Date "2021.09.16"]
[Round "1.3"]
[White "Timagina, Sofia"]
[Black "Simicak, Metod"]
[Result "0-1"]
[WhiteElo "1472"]
[BlackElo "1677"]
[PlyCount "118"]
[EventDate "2021.09.16"]
[EventType "team-tourn"]
[EventRounds "7"]
[EventCountry "SLO"]
[SourceTitle "EXT 2024"]
[Source "ChessBase"]
[SourceDate "2023.10.10"]
[SourceVersion "1"]
[SourceVersionDate "2023.10.10"]
[SourceQuality "1"]
[WhiteTeam "Domzale SD"]
[BlackTeam "Menges Trzin"]
[WhiteTeamCountry "SLO"]
[BlackTeamCountry "SLO"]

1. e4 e5 2. Nf3 Nf6 3. Nxe5 Qe7 4. Nf3 Qxe4+ 5. Be2 Bb4 6. 0-0 0-0 7. Nc3 Bxc3 8. dxc3 h6 9. Re1 d6 10. Bd3 Qg4 11. h3 Qh5 12. Bf4 Nc6 13. Bg3 Be6 14. Qd2 Bxh3 15. gxh3 Qxf3 16. Re3 Qh5 17. Be2 Qf5 18. Bd3 Qg5 19. Qe2 Rfe8 20. Rxe8+ Rxe8 21. Qf3 Qd5 22. Qd1 Qh5 23. Qf1 Ne5 24. Be2 Nf3+ 25. Kg2 Nh4+ 26. Bxh4 Qxh4 27. Bf3 c6 28. Kh1 d5 29. Qg2 Re5 30. Qh2 Rg5 31. Re1 Rf5 32. Re3 Qf4 33. Qg2 Rg5 34. Qf1 Re5 35. Rd3 Ne4 36. Bxe4 Qxe4+ 37. Kh2 Qe2 38. Qg2 g6 39. Qg3 Kg7 40. Rf3 Rg5 41. Qf4 Qe5 42. Qxe5+ Rxe5 43. Kg3 f5 44. Rf4 Re4 45. Rf3 Kf6 46. b3 Ke5 47. Rd3 g5 48. Kf3 h5 49. a4 h4 50. b4 g4+ 51. hxg4 fxg4+ 52. Kg2 b6 53. Rd2 Kf4 54. Rd3 h3+ 55. Kh2 Re2 56. Kg1 Rxc2 57. Re3 h2+ 58. Kxh2 Rxf2+ 59. Kg1 Kxe3 0-1

[Event "Ljubljana-chT 73rd"]
[Site "Ljubljana"]
[Date "2020.03.05"]
[Round "6.3"]
[White "Rojs, Igor"]
[Black "Simicak, Metod"]
[Result "1-0"]
[WhiteElo "1974"]
[BlackElo "1678"]
[PlyCount "55"]
[EventDate "2020.01.16"]
[EventType "team-swiss"]
[EventRounds "6"]
[EventCountry "SLO"]
[SourceTitle "EXT 2024"]
[Source "ChessBase"]
[SourceDate "2023.10.10"]
[SourceVersion "1"]
[SourceVersionDate "2023.10.10"]
[SourceQuality "1"]
[WhiteTeam "Trzin Buscotrade"]
[BlackTeam "Menges Trzin II"]
[WhiteTeamCountry "SLO"]
[BlackTeamCountry "SLO"]

1. d4 d5 2. Nf3 Bg4 3. Ne5 Nf6 4. Nxg4 Nxg4 5. e4 h5 6. e5 g6 7. h3 Nh6 8. Bg5 Bg7 9. Bd3 Nd7 10. e6 Nf6 11. Nd2 Qd6 12. exf7+ Kxf7 13. 0-0 Nf5 14. c3 Bh6 15. Nf3 Bxg5 16. Nxg5+ Kg7 17. Re1 Rh6 18. Qc2 Qd7 19. Re5 Nd6 20. Rae1 Re8 21. Ne6+ Kf7 22. Qd2 Reh8 23. Qf4 Ke8 24. Nc5 g5 25. Qxg5 Qc6 26. Rxe7+ Kd8 27. R7e6 Nf7 28. Qh4 1-0

[Event "Ljubljana-chT 73rd"]
[Site "Ljubljana"]
[Date "2020.02.13"]
[Round "4.3"]
[White "Renko, Joze"]
[Black "Simicak, Metod"]
[Result "0-1"]
[WhiteElo "1477"]
[BlackElo "1678"]
[PlyCount "62"]
[EventDate "2020.01.16"]
[EventType "team-swiss"]
[EventRounds "6"]
[EventCountry "SLO"]
[SourceTitle "EXT 2024"]
[Source "ChessBase"]
[SourceDate "2023.10.10"]
[SourceVersion "1"]
[SourceVersionDate "2023.10.10"]
[SourceQuality "1"]
[WhiteTeam "Medvode Vittori Swimmear"]
[BlackTeam "Menges Trzin II"]
[WhiteTeamCountry "SLO"]
[BlackTeamCountry "SLO"]

1. e4 e5 2. Nf3 Nf6 3. Bd3 Nc6 4. a3 d5 5. exd5 Qxd5 6. Nc3 Qd8 7. Ne4 Bf5 8. Nd6+ Bxd6 9. Bxf5 g6 10. Bh3 e4 11. Ng1 Qe7 12. Ne2 Nd5 13. 0-0 f5 14. c4 Qe5 15. g3 Nf6 16. Qb3 0-0-0 17. Qe3 h6 18. Nc3 g5 19. Nb5 Bc5 20. Qc3 Nd4 21. Nxd4 Bxd4 22. Qc2 h5 23. Qb3 h4 24. Qb5 c5 25. Qa5 hxg3 26. Qxa7 Rxh3 27. Qa8+ Kc7 28. Qa5+ Kd7 29. Qb5+ Ke7 30. Qxb7+ Rd7 31. Qb6 g2 0-1

[Event "Ljubljana-chT 73rd"]
[Site "Ljubljana"]
[Date "2020.01.23"]
[Round "2.2"]
[White "Simicak, Metod"]
[Black "Filippovskiy, Nikita"]
[Result "0-1"]
[WhiteElo "1678"]
[BlackElo "1269"]
[PlyCount "80"]
[EventDate "2020.01.16"]
[EventType "team-swiss"]
[EventRounds "6"]
[EventCountry "SLO"]
[SourceTitle "EXT 2024"]
[Source "ChessBase"]
[SourceDate "2023.10.10"]
[SourceVersion "1"]
[SourceVersionDate "2023.10.10"]
[SourceQuality "1"]
[WhiteTeam "Menges Trzin II"]
[BlackTeam "Menges Trzin III"]
[WhiteTeamCountry "SLO"]
[BlackTeamCountry "SLO"]

1. e4 c5 2. Nc3 Nc6 3. Nf3 g6 4. Bb5 Bg7 5. 0-0 Nf6 6. h3 0-0 7. Bxc6 dxc6 8. b3 b5 9. Bb2 Nxe4 10. Nxe4 Bxb2 11. Rb1 Bg7 12. Nxc5 Qb6 13. b4 a5 14. a3 axb4 15. axb4 Bf5 16. g4 Be6 17. Re1 Ba2 18. Rc1 Bb2 19. Nd7 Qc7 20. Nxf8 Rxf8 21. Qe2 Bxc1 22. Rxc1 Bc4 23. d3 Bd5 24. Nd2 f5 25. c4 bxc4 26. dxc4 Bf7 27. Re1 fxg4 28. hxg4 Qf4 29. Kg2 Rd8 30. Rd1 Bxc4 31. Nxc4 Rxd1 32. Qxd1 Qxc4 33. Qd8+ Kf7 34. f3 Qxb4 35. Qh8 Qd2+ 36. Kg3 Qh6 37. f4 Qg7 38. Qb8 Qc3+ 39. Kh4 Qe1+ 40. Kg5 h6+ 0-1

[Event "SLO-chT Central 1st League 20th"]
[Site "Slovenia"]
[Date "2019.09.19"]
[Round "2.3"]
[White "Vertacnik, Viktor"]
[Black "Simicak, Metod"]
[Result "0-1"]
[WhiteElo "1619"]
[BlackElo "1675"]
[PlyCount "88"]
[EventDate "2019.09.12"]
[EventType "team-tourn"]
[EventRounds "9"]
[EventCountry "SLO"]
[SourceTitle "EXT 2024"]
[Source "ChessBase"]
[SourceDate "2023.10.10"]
[SourceVersion "1"]
[SourceVersionDate "2023.10.10"]
[SourceQuality "1"]
[WhiteTeam "Ljubljana Karel Jeraj"]
[BlackTeam "Menges Trzin II"]
[WhiteTeamCountry "SLO"]
[BlackTeamCountry "SLO"]

1. e4 e5 2. Nf3 Nc6 3. Bc4 Nf6 4. d3 d5 5. exd5 Nxd5 6. c3 Bg4 7. 0-0 a6 8. a4 h6 9. Nbd2 f5 10. Re1 Qd6 11. Nf1 0-0-0 12. Bb3 g5 13. Ng3 Nf4 14. Bxf4 gxf4 15. Nf1 Qf6 16. Qe2 Bc5 17. N1d2 Qd6 18. Nc4 Qg6 19. Ncxe5 Nxe5 20. Nxe5 Qb6 21. Nxg4 Qxb3 22. Nf6 Kb8 23. d4 Bf8 24. Nh5 Bd6 25. Qf3 Rde8 26. Rxe8+ Rxe8 27. Qd3 Qxb2 28. Rb1 Qe2 29. Qxe2 Rxe2 30. Kf1 Rc2 31. Rb3 f3 32. gxf3 Ra2 33. Kg2 Rxa4 34. Ng7 Ra5 35. Ne6 Kc8 36. c4 Kd7 37. c5 Kxe6 38. cxd6 Kxd6 39. Rxb7 Rd5 40. Ra7 a5 41. Ra6+ c6 42. Kg3 Kc7 43. Ra7+ Kb6 44. Rh7 a4 0-1

[Event "Ljubljana-chT 72nd 1st League"]
[Site "Ljubljana"]
[Date "2019.02.14"]
[Round "5.2"]
[White "Simicak, Metod"]
[Black "Mihelic, Mitja"]
[Result "1/2-1/2"]
[WhiteElo "1706"]
[BlackElo "1704"]
[PlyCount "51"]
[EventDate "2019.01.10"]
[EventType "team-tourn"]
[EventRounds "9"]
[EventCountry "SLO"]
[SourceTitle "EXT 2024"]
[Source "ChessBase"]
[SourceDate "2023.10.10"]
[SourceVersion "1"]
[SourceVersionDate "2023.10.10"]
[SourceQuality "1"]
[WhiteTeam "Menges Trzin"]
[BlackTeam "Trzin"]
[WhiteTeamCountry "SLO"]
[BlackTeamCountry "SLO"]

1. e4 c5 2. Nf3 e6 3. d4 cxd4 4. Nxd4 a6 5. Nc3 b5 6. a3 Bb7 7. Be3 d6 8. Be2 Nd7 9. 0-0 Ngf6 10. Qd2 Be7 11. Rad1 0-0 12. f3 Qc7 13. Bd3 Rac8 14. Qf2 Ne5 15. Be2 Nc4 16. Bxc4 Qxc4 17. Qe2 Qxe2 18. Ndxe2 Rfd8 19. Bg5 h6 20. Bh4 Kf8 21. Rfe1 d5 22. exd5 Nxd5 23. Bxe7+ Kxe7 24. Nxd5+ Rxd5 25. Rxd5 Bxd5 26. c3 1/2-1/2

[Event "SLO-chT1 Central 19th"]
[Site "Slovenia"]
[Date "2018.10.18"]
[Round "6.3"]
[White "Blazincic, Ivan"]
[Black "Simicak, Metod"]
[Result "1/2-1/2"]
[WhiteElo "1579"]
[BlackElo "1754"]
[PlyCount "120"]
[EventDate "2018.09.13"]
[EventType "team-tourn"]
[EventRounds "9"]
[EventCountry "SLO"]
[SourceTitle "EXT 2021"]
[Source "ChessBase"]
[SourceDate "2020.10.23"]
[SourceVersion "1"]
[SourceVersionDate "2020.10.23"]
[SourceQuality "1"]
[WhiteTeam "Bor Dob II"]
[BlackTeam "Trzin Menges"]
[WhiteTeamCountry "SLO"]
[BlackTeamCountry "SLO"]

1. c4 e5 2. Nc3 Nc6 3. g3 b6 4. Bg2 Bb7 5. Nf3 Nd4 6. e3 Ne6 7. 0-0 Bd6 8. Nb5 Qe7 9. a3 a6 10. Nxd6+ cxd6 11. Qb3 Qd8 12. Nh4 Bxg2 13. Kxg2 Ne7 14. Qb4 Qc7 15. b3 Qc6+ 16. Kg1 g5 17. Ng2 h5 18. Bb2 h4 19. d4 a5 20. Qd2 Qe4 21. f3 Qf5 22. g4 Qf6 23. h3 Ng6 24. Rad1 Qe7 25. dxe5 dxe5 26. Qd5 Nc7 27. Qb7 Qc5 28. Rd3 Rd8 29. Rfd1 Ke7 30. Rd6 Rhf8 31. Qxb6 Qxb6 32. Rxb6 Rb8 33. Rxb8 Rxb8 34. Rd3 Ke6 35. Bc1 Na6 36. f4 gxf4 37. exf4 f5 38. gxf5+ Kxf5 39. Rxd7 Rxb3 40. Kh2 Nc5 41. Rd5 Nd3 42. Be3 Rxa3 43. fxe5 Ndxe5 44. Bd4 Ra2 45. Kh1 Ke4 46. Bxe5 Nxe5 47. Nxh4 Nxc4 48. Rd8 a4 49. Ra8 a3 50. Ra4 Kd3 51. Ng2 Kc3 52. h4 Kb3 53. Ra8 Ne5 54. h5 Ra1+ 55. Kh2 a2 56. Rb8+ Kc3 57. Rc8+ Kd4 58. Rd8+ Ke4 59. Ra8 Kf3 60. Ra3+ Kg4 1/2-1/2

[Event "SLO-chT Central 1st League 18th"]
[Site "Slovenia"]
[Date "2017.10.26"]
[Round "7.2"]
[White "Simicak, Metod"]
[Black "Leben, Dusan"]
[Result "0-1"]
[WhiteElo "1795"]
[BlackElo "1858"]
[PlyCount "76"]
[EventDate "2017.09.14"]
[EventType "team-swiss"]
[EventRounds "9"]
[EventCountry "SLO"]
[SourceTitle "EXT 2022"]
[Source "ChessBase"]
[SourceDate "2021.10.06"]
[SourceVersion "1"]
[SourceVersionDate "2021.10.06"]
[SourceQuality "1"]
[WhiteTeam "Menges Trzin"]
[BlackTeam "Trzin Buscotrade II"]
[WhiteTeamCountry "SLO"]
[BlackTeamCountry "SLO"]

1. e4 e5 2. Nf3 Nf6 3. Nc3 Nc6 4. d4 exd4 5. Nxd4 Bb4 6. Qd3 Nxd4 7. Qxd4 Bxc3+ 8. Qxc3 h6 9. e5 Nd5 10. Qc5 c6 11. Bc4 Qe7 12. Qxe7+ Nxe7 13. 0-0 0-0 14. f4 Nf5 15. g4 d5 16. Bd3 Nd4 17. c3 Ne6 18. Be3 b6 19. h4 Nc5 20. Be2 Ne4 21. Bf3 f6 22. Bxe4 dxe4 23. exf6 Rxf6 24. g5 hxg5 25. fxg5 Rxf1+ 26. Rxf1 Be6 27. b3 Rd8 28. Kf2 g6 29. Re1 Bg4 30. a4 Bf3 31. a5 bxa5 32. Bxa7 Kf7 33. Bb6 Rb8 34. Bxa5 Rxb3 35. Kg3 Rb5 36. Bd8 Ke6 37. Kf4 Rf5+ 38. Ke3 Rd5 0-1